000 00322nam a2200133Ia 4500
005 20260328104312.0
008 260328s9999||||xx |||||||||||||| ||und||
100 _aVan Uffelen, Chris
245 0 _aRe-Use Architecture /
_cChris Van Uffelen
260 _bBraun
300 _a407 p.
650 _aARQUITECTURA
942 _cBK
999 _c11018
_d11018